Noticia bomba! (Registro nro. 35734)
[ vista simple ]
| 000 -CABECERA | |
|---|---|
| Longitud fija campo de control | 00820nam a2200277 c 4500 |
| 003 - • IDENTIFICADOR DELl NÚMERO DE CONTROL | |
| Identificador del número de control | CO-ViMGA |
| 005 - • FECHA Y HORA DE LA ÚLTIMA TRANSACCIÓN | |
| Fecha y hora de la última transacción | 20230915233139.0 |
| 008 - • CÓDIGOS DE INFORMACIÓN DE LONGITUD FIJA | |
| Códigos de información de longitud fija | 140710s2014 sp | |||| 000 f spa |
| 020 ## - • NÚMERO INTERNACIONAL NORMALIZADO PARA LIBROS | |
| Número Internacional Normalizado para Libros (ISBN) | 9788433921031 |
| 040 ## - FUENTE DE LA CATALOGACIÓN | |
| Centro catalogador de origen | CO-ViMGA |
| Lengua de catalogación | spa |
| Centro transcriptor | CO-ViMGA |
| 041 1# - • CÓDIGO DE LENGUA | |
| Código de lengua original | eng |
| 082 04 - • NÚMERO DE LA CLASIFICACIÓN DECIMAL DEWEY | |
| Número de clasificación (R) | 823 |
| Número del ítem | W18n |
| 100 1# - • PUNTO DE ACCESO PRINCIPAL-NOMBRE DE PERSONA | |
| Nombre de persona | Waugh, Evelyn |
| Fechas asociadas al nombre | 1903-1966 |
| 240 10 - • TÍTULO UNIFORME | |
| Título uniforme | <a href="Scoop">Scoop</a> |
| 245 10 - • TITULO PROPIAMENTE DICHO | |
| Título | Noticia bomba! |
| Mención de responsabilidad, etc. | Evelyn Waugh ; traduccion de Antonio Mauri |
| 250 ## - • MENCIÓN DE EDICIÓN | |
| Mención de edición | 1® ed. en La conjura de la risa |
| 300 ## - • DESCRIPCIÓN FÍSICA | |
| Extensión | 280 p. |
| Dimensiones | 21 cm |
| 490 0# - • MENCIÓN DE SERIE | |
| Mención de serie | La conjura de la risa |
| Designación de volumen o secuencia | 3 |
| 650 14 - • PUNTO DE ACCESO ADICIONAL DE MATERIA - TÉRMINO DE MATERIA | |
| Término de materia o nombre geográfico como elemento inicial | Fantasia en la literatura |
| 650 14 - • PUNTO DE ACCESO ADICIONAL DE MATERIA - TÉRMINO DE MATERIA | |
| Término de materia o nombre geográfico como elemento inicial | Humor negro |
| Subdivisión de forma | Literatura |
| 650 14 - • PUNTO DE ACCESO ADICIONAL DE MATERIA - TÉRMINO DE MATERIA | |
| Término de materia o nombre geográfico como elemento inicial | Novela inglesa |
| 700 1# - • PUNTO DE ACCESO ADICIONAL - NOMBRE DE PERSONA | |
| Nombre de persona | Mauri, Antonio |
| Fechas asociadas al nombre | 1944- |
| 942 ## - ENTRADA DE ELEMENTOS AGREGADOS (KOHA) | |
| Fuente de clasificaión o esquema | Dewey Decimal Classification |
| Koha [por defecto] tipo de item | LIbro |
| Perdido | Fuente de clasificación o esquema | Estado Físico | No para préstamo | Forma de adquisición | Localización permanente | Localización actual | Fecha adquisición | Préstamos totales | Signatura completa | Código de barras | Fecha última consulta | Fecha último préstamo | Número de copia | Fecha del precio de reemplazo | Tipo de item de Koha |
|---|---|---|---|---|---|---|---|---|---|---|---|---|---|---|---|
| Dewey Decimal Classification | Sala General Segundo Piso | Biblioteca Pública Germán Arciniegas - Villavicencio | Biblioteca Pública Germán Arciniegas - Villavicencio | 08/26/2016 | 1 | 823 W18n | 30958 | 08/11/2022 | 08/01/2022 | Ej. 1 | 08/26/2016 | LIbro |